MARC details
| 000 -LEADER |
| campo de control de longitud fija |
01411nam a22002537a 4500 |
| 003 - IDENTIFICADOR DE NÚMERO DE CONTROL |
| campo de control |
CoMeUDC |
| 005 - FECHA Y HORA DE LA ÚLTIMA TRANSACCIÓN |
| campo de control |
20230511194344.0 |
| 008 - DATOS DE LONGITUD FIJA--INFORMACIÓN GENERAL |
| campo de control de longitud fija |
230511b ||||| |||| 00| 0 eng d |
| 020 ## - NÚMERO INTERNACIONAL ESTÁNDAR DEL LIBRO |
| Número Internacional Estándar del Libro |
9789588336794 |
| 040 ## - FUENTE DE CATALOGACIÓN |
| Centro/agencia transcriptor |
CO-UdeC |
| Centro/agencia modificador |
CO-UdeC |
| Normas de descripción |
AARC |
| -- |
ISBD |
| 082 ## - NÚMERO DE LA CLASIFICACIÓN DECIMAL DEWEY |
| Número de clasificación |
342 |
| Número de ítem |
C718 |
| 110 ## - ENTRADA PRINCIPAL--NOMBRE DE ENTIDAD CORPORATIVA |
| 9 (RLIN) |
1628 |
| Nombre de entidad corporativa o nombre de jurisdicción como elemento de entrada |
Colombia |
| 245 ## - MENCIÓN DEL TÍTULO |
| Título |
Constitución política de Colombia : |
| Resto del título |
Concordada / |
| Mención de responsabilidad, etc. |
Colombia ; compilador, Mauricio Duque Quiceno. |
| 260 ## - PUBLICACIÓN, DISTRIBUCIÓN, ETC. |
| Lugar de publicación, distribución, etc. |
Medellín : |
| Nombre del editor, distribuidor, etc. |
Librería Jurídica Sánchez R., |
| Fecha de publicación, distribución, etc. |
2011. |
| 300 ## - DESCRIPCIÓN FÍSICA |
| Extensión |
182 p. ; |
| Dimensiones |
23 cm. |
| 500 ## - NOTA GENERAL |
| Nota general |
Contiene concordancias con sentencias de la Corte Constitucional y Consejo de Estado. |
| 505 ## - NOTA DE CONTENIDO CON FORMATO |
| Nota de contenido con formato |
De los principios fundamentales -- De los derechos, las garantías y los deberes -- De los habitantes y del territorio -- De la participación democrática y de los partidos políticos -- De la organización del Estado -- De la rama legislativa -- De la rama ejecutiva -- De la rama judicial -- De las elecciones y de la organización electoral -- De los organismos de control -- De la organización territorial -- Del régimen económico y de la hacienda pública -- De la reforma de la constitución |
| 546 ## - NOTA DE IDIOMA |
| Nota de lengua/lenguaje |
Español. |
| 650 #0 - PUNTO DE ACCESO ADICIONAL DE MATERIA--TÉRMINO DE MATERIA |
| 9 (RLIN) |
2338 |
| Término de materia o nombre geográfico como elemento de entrada |
Ordenamiento territorial |
| Subdivisión geográfica |
Colombia |
| 650 #0 - PUNTO DE ACCESO ADICIONAL DE MATERIA--TÉRMINO DE MATERIA |
| 9 (RLIN) |
182 |
| Término de materia o nombre geográfico como elemento de entrada |
Administración pública |
| Subdivisión geográfica |
Colombia. |
| 650 #0 - PUNTO DE ACCESO ADICIONAL DE MATERIA--TÉRMINO DE MATERIA |
| 9 (RLIN) |
2344 |
| Término de materia o nombre geográfico como elemento de entrada |
Constitución política de Colombia |
| 700 ## - ENTRADA AGREGADA--NOMBRE PERSONAL |
| 9 (RLIN) |
1782 |
| Nombre de persona |
Duque Quiceno, Mauricio |
| Término indicativo de función/relación |
Compilador |
| 942 ## - ELEMENTOS DE ENTRADA SECUNDARIOS (KOHA) |
| Fuente del sistema de clasificación o colocación |
Clasificación Decimal Dewey |
| Tipo de ítem Koha |
Libros |